Annual KPI survey reveals increase in value for money and quality of service from consultants (Record no. 77429)

MARC details
000 -LEADER
fixed length control field 01119cab a2200205 4500
001 - CONTROL NUMBER
control field ##L134256
008 - FIXED-LENGTH DATA ELEMENTS--GENERAL INFORMATION
fixed length control field 060720n2006 000 0 eng u
035 ## - SYSTEM CONTROL NUMBER
System control number (Sirsi) u134256
041 0# - LANGUAGE CODE
Language code of text/sound track or separate title eng
110 2# - MAIN ENTRY--CORPORATE NAME
Corporate name or jurisdiction name as entry element Constructing Excellence in the Built Environment
9 (RLIN) 4925
245 00 - TITLE STATEMENT
Title Annual KPI survey reveals increase in value for money and quality of service from consultants
260 ## - PUBLICATION, DISTRIBUTION, ETC.
Date of publication, distribution, etc. 2006
490 #0 - SERIES STATEMENT
Series statement Constructing Excellence in the Built Environment News
Volume/sequential designation 6 June 2006
520 ## - SUMMARY, ETC.
Summary, etc. The 2006 UK Construction Key Performance Indicators (KPIs) reveal that surveyors and other consultants are delivering increased value for money and improved quality of service. Performance in other areas, such as productivity, client satisfaction and training, however, remained static or fell.
650 24 - SUBJECT ADDED ENTRY--TOPICAL TERM
Topical term or geographic name entry element CONSTRUCTING EXCELLENCE CONSTRUCTION INDUSTRY KEY PERFORMANCE INDICATORS
651 #4 - SUBJECT ADDED ENTRY--GEOGRAPHIC NAME
Geographic name United Kingdom
Chronological subdivision
690 ## - LOCAL SUBJECT ADDED ENTRY--TOPICAL TERM (OCLC, RLIN)
Topical term or geographic name as entry element MANAGEMENT-BUSINESS MANAGEMENT
856 41 - ELECTRONIC LOCATION AND ACCESS
Uniform Resource Identifier <a href="https://www.constructingexcellence.org.uk/news/article.jsp?id=7844">https://www.constructingexcellence.org.uk/news/article.jsp?id=7844</a>
Public note View the item free of charge at www.constructingexcellence.org.uk....
942 ## - ADDED ENTRY ELEMENTS (KOHA)
Suppress in OPAC 0
Holdings
Withdrawn status Lost status Source of classification or shelving scheme Damaged status Not for loan Home library Current library Shelving location Date acquired Total Checkouts Full call number Barcode Date last seen Copy number Price effective from Koha item type
    Dewey Decimal Classification     Virtual Virtual Online 20/07/2006   ONLINE PUBLICATION 134256-1001 06/08/2019 1 06/08/2019 Journal article